000
00212 a2200097 4500
001
58267
100
_a
245
_a
Sear List of Subject headings
260
_a
New York
_b
Cambridge
_c
1991
090
_c
35764
_d
35764
942
_a
NUST-CAE
_c
_c
28629
999
_c
293340
_d
293340